[Event "Leicester H E Atkins Mem"]
[Site "Leicester"]
[Date "2010.10.01"]
[Round "1"]
[White "Burrows, Martin P"]
[Black "Jaszkiwskyj, Peter"]
[Result "1/2-1/2"]
[WhiteElo "2172"]
[BlackElo "1952"]
[PlyCount "99"]
[EventDate "2010.10.01"]
[EventType "swiss"]
[EventRounds "5"]
[EventCountry "ENG"]
[SourceTitle "BritBase"]
[Source "John Saunders"]
[SourceDate "2016.01.15"]
[SourceVersion "1"]
[SourceVersionDate "2016.01.15"]
[SourceQuality "1"]

1. e4 e5 2. Bc4 Nf6 3. d4 exd4 4. Nf3 Nc6 5. e5 d5 6. Bb5 Ne4 7. Nxd4 Bd7 8.
Bxc6 Bxc6 9. Nxc6 bxc6 10. Be3 Be7 11. Qg4 Qd7 12. Qxd7+ Kxd7 13. f3 Nc5 14.
Nd2 a6 15. O-O Rab8 16. Nb3 Na4 17. Rab1 c5 18. Rfd1 c6 19. c4 Ke6 20. Rdc1
Rhc8 21. f4 Rb4 22. Bd2 Rbb8 23. Rc2 f6 24. Re1 fxe5 25. Rxe5+ Kd6 26. Rh5 h6
27. Bc3 Nxc3 28. bxc3 Rf8 29. g3 Bf6 30. cxd5 c4 31. Na5 cxd5 32. Rd2 Rb5 33.
Nxc4+ Kc6 34. Ne5+ Kc7 35. Nf3 Rd8 36. Nd4 Bxd4+ 37. Rxd4 Rc5 38. Re5 Rxc3 39.
Re7+ Kc6 40. Rxg7 Rc1+ 41. Kf2 Rc2+ 42. Kf3 Rxa2 43. f5 Kc5 44. Rf4 d4 45. Rc7+
Kd5 46. Rc1 h5 47. Rd1 Ra3+ 48. Kf2 Ra2+ 49. Kf3 Ra3+ 50. Kf2 1/2-1/2

[Event "Leicester H E Atkins Mem"]
[Site "Leicester"]
[Date "2010.10.01"]
[Round "1"]
[White "Coates, David H"]
[Black "Alderson, John K A"]
[Result "1-0"]
[WhiteElo "2068"]
[BlackElo "1882"]
[PlyCount "63"]
[EventDate "2010.10.01"]
[EventType "swiss"]
[EventRounds "5"]
[EventCountry "ENG"]
[SourceTitle "BritBase"]
[Source "John Saunders"]
[SourceDate "2016.01.15"]
[SourceVersion "1"]
[SourceVersionDate "2016.01.15"]
[SourceQuality "1"]

1. d4 f5 2. c4 Nf6 3. g3 e6 4. Bg2 Bb4+ 5. Nd2 Ne4 6. Ngf3 O-O 7. O-O d5 8. Ne5
Nxd2 9. Bxd2 Bxd2 10. Qxd2 Nd7 11. cxd5 Kh8 12. Nxd7 Qxd7 13. dxe6 Qxe6 14. e3
Qb6 15. d5 Bd7 16. Rac1 Rad8 17. Qc3 c6 18. dxc6 Bxc6 19. Bxc6 Rc8 20. Qa3 bxc6
21. Rc2 Rfd8 22. Rfc1 h6 23. Qe7 Rd5 24. Qe6 Qa6 25. Kg2 Rcd8 26. Rxc6 Qb7 27.
Rc7 Qxb2 28. R1c2 Qb1 29. Qf7 R5d7 30. Rxd7 Rxd7 31. Qf8+ Kh7 32. Qxf5+ 1-0

[Event "Leicester H E Atkins Mem"]
[Site "Leicester"]
[Date "2010.10.01"]
[Round "1"]
[White "Cole, Tristram"]
[Black "Denton, John"]
[Result "0-1"]
[WhiteElo "1882"]
[BlackElo "2066"]
[PlyCount "102"]
[EventDate "2010.10.01"]
[EventType "swiss"]
[EventRounds "5"]
[EventCountry "ENG"]
[SourceTitle "BritBase"]
[Source "John Saunders"]
[SourceDate "2016.01.15"]
[SourceVersion "1"]
[SourceVersionDate "2016.01.15"]
[SourceQuality "1"]

1. e4 c6 2. d4 d5 3. e5 Bf5 4. Nc3 e6 5. g4 Bg6 6. Nge2 Qh4 7. Nf4 Nd7 8. g5
Bb4 9. Nxg6 hxg6 10. Qd3 Ne7 11. a3 Ba5 12. Be3 Nf5 13. O-O-O O-O-O 14. b4 Bc7
15. Ne2 Nb6 16. Bd2 Nc4 17. f4 b5 18. Be1 Qh7 19. Bf2 a5 20. Ng3 Kb7 21. Qf3
axb4 22. Bxc4 bxc4 23. axb4 Ra8 24. Nxf5 gxf5 25. h4 Ra4 26. Kd2 Rxb4 27. Ra1
Rb8 28. Rhb1 Rxb1 29. Rxb1+ Kc8 30. Rxb8+ Kxb8 31. Qa3 g6 32. Qf8+ Kb7 33. c3
Qh5 34. Qb4+ Bb6 35. Qe7+ Ka6 36. Qa3+ Ba5 37. Qc5 Bxc3+ 38. Kxc3 Qf3+ 39. Kb2
Qxf2+ 40. Kb1 Qe1+ 41. Kc2 Qe2+ 42. Kc1 Qf1+ 43. Kc2 Qd3+ 44. Kc1 Qc3+ 45. Kd1
Qb3+ 46. Kc1 Qb5 47. Qa3+ Kb6 48. Qe7 c3 49. Qd8+ Kb7 50. Qd7+ Ka6 51. Qc8+ Qb7
0-1

[Event "Leicester H E Atkins Mem"]
[Site "Leicester"]
[Date "2010.10.01"]
[Round "1"]
[White "David, Ivan"]
[Black "Murphy, Hugh W"]
[Result "1/2-1/2"]
[WhiteElo "1970"]
[BlackElo "2194"]
[PlyCount "74"]
[EventDate "2010.10.01"]
[EventType "swiss"]
[EventRounds "5"]
[EventCountry "ENG"]
[SourceTitle "BritBase"]
[Source "John Saunders"]
[SourceDate "2016.01.15"]
[SourceVersion "1"]
[SourceVersionDate "2016.01.15"]
[SourceQuality "1"]

1. Nf3 f5 2. d4 e6 3. g3 Nf6 4. Bg2 d5 5. O-O Bd6 6. c4 c6 7. b3 Qe7 8. a4 a5
9. Ba3 O-O 10. Bxd6 Qxd6 11. Ne5 Nbd7 12. Nf3 b6 13. Re1 Ba6 14. Nbd2 Rac8 15.
Rc1 Ne4 16. Nb1 Qb4 17. Nfd2 b5 18. axb5 cxb5 19. Nxe4 fxe4 20. c5 Nb8 21. Nc3
Rf6 22. f4 exf3 23. Bxf3 Nc6 24. e3 a4 25. bxa4 bxa4 26. Bxd5 exd5 27. Nxd5 Qb3
28. Nxf6+ gxf6 29. Qg4+ Kh8 30. Qf5 Rf8 31. Rb1 Qc3 32. Qf4 a3 33. Qd6 Rc8 34.
Qxf6+ Kg8 35. Qg5+ Kh8 36. Qf6+ Kg8 37. Qg5+ Kh8 1/2-1/2

[Event "Leicester H E Atkins Mem"]
[Site "Leicester"]
[Date "2010.10.01"]
[Round "1"]
[White "Ilett, Raymond J"]
[Black "Vikas R Sharma"]
[Result "1/2-1/2"]
[WhiteElo "1896"]
[BlackElo "2075"]
[PlyCount "86"]
[EventDate "2010.10.01"]
[EventType "swiss"]
[EventRounds "5"]
[EventCountry "ENG"]
[SourceTitle "BritBase"]
[Source "John Saunders"]
[SourceDate "2016.01.15"]
[SourceVersion "1"]
[SourceVersionDate "2016.01.15"]
[SourceQuality "1"]

1. d4 Nf6 2. c4 g6 3. Nc3 d5 4. Nf3 Bg7 5. Bg5 Ne4 6. cxd5 Nxg5 7. Nxg5 e6 8.
Qd2 exd5 9. Qe3+ Kf8 10. Qf4 Bf6 11. h4 h6 12. Nf3 Kg7 13. e3 Be6 14. Bd3 c5
15. dxc5 Qa5 16. Nd4 Nc6 17. O-O Qxc5 18. Nxe6+ fxe6 19. Qg3 g5 20. Rac1 Qe7
21. f4 Rag8 22. h5 Rf8 23. Bb1 Rhg8 24. Kh1 Kh8 25. Bg6 Bg7 26. f5 Bxc3 27.
bxc3 exf5 28. Rxf5 Rxf5 29. Bxf5 Re8 30. Rd1 Qxe3 31. Qd6 Qe7 32. Qxh6+ Kg8 33.
Qg6+ Kh8 34. Rf1 Ne5 35. Qh6+ Kg8 36. Re1 g4 37. g3 Qf7 38. Qg5+ Qg7 39. Bg6
Re7 40. h6 Qf8 41. Bd3+ Kh8 42. Rxe5 Qf3+ 43. Kh2 Qf2+ 1/2-1/2

[Event "Leicester H E Atkins Mem"]
[Site "Leicester"]
[Date "2010.10.01"]
[Round "1"]
[White "Kingston, Ian S"]
[Black "Hebden, Mark L"]
[Result "0-1"]
[WhiteElo "1992"]
[BlackElo "2556"]
[PlyCount "62"]
[EventDate "2010.10.01"]
[EventType "swiss"]
[EventRounds "5"]
[EventCountry "ENG"]
[SourceTitle "BritBase"]
[Source "John Saunders"]
[SourceDate "2016.01.15"]
[SourceVersion "1"]
[SourceVersionDate "2016.01.15"]
[SourceQuality "1"]

1. e4 e5 2. Nf3 Nc6 3. Bb5 a6 4. Bxc6 dxc6 5. O-O Bd6 6. d4 exd4 7. Qxd4 f6 8.
c4 c5 9. Qd5 Ne7 10. Qh5+ g6 11. Qh6 Bg4 12. Qe3 Nc6 13. Bd2 Be6 14. b3 Nd4 15.
Rc1 O-O 16. Bc3 Bf4 17. Qe1 Nxf3+ 18. gxf3 Qd3 19. Qd1 Rad8 20. Qxd3 Rxd3 21.
Re1 Rxf3 22. e5 fxe5 23. Bxe5 Bh3 24. Bxf4 R8xf4 25. Nd2 Rxf2 26. Ne4 Rg2+ 27.
Kh1 Rc2 28. Kg1 Bd7 29. Nxc5 Bc6 30. Nd3 Rg2+ 31. Kh1 Rg5+ 0-1

[Event "Leicester H E Atkins Mem"]
[Site "Leicester"]
[Date "2010.10.01"]
[Round "1"]
[White "Maciol, Ryszard"]
[Black "Burke, Steven J"]
[Result "1-0"]
[WhiteElo "2205"]
[BlackElo "1970"]
[PlyCount "99"]
[EventDate "2010.10.01"]
[EventType "swiss"]
[EventRounds "5"]
[EventCountry "ENG"]
[SourceTitle "BritBase"]
[Source "John Saunders"]
[SourceDate "2016.01.15"]
[SourceVersion "1"]
[SourceVersionDate "2016.01.15"]
[SourceQuality "1"]

1. d4 f5 2. g3 Nf6 3. Bg2 e6 4. Nf3 Be7 5. O-O d6 6. c4 O-O 7. Nc3 Ne4 8. Qc2
Nxc3 9. Qxc3 Bf6 10. Qb3 Qe8 11. Bg5 Nd7 12. Rfe1 h6 13. Bd2 Qg6 14. Bc3 c5 15.
Qc2 cxd4 16. Nxd4 Nc5 17. Nb5 Be7 18. b4 Ne4 19. Bd4 Bd7 20. Nxa7 Bf6 21. Bxf6
Qxf6 22. Nb5 Bxb5 23. cxb5 Rfc8 24. Qd1 Qe5 25. Bxe4 fxe4 26. Qd2 Rc4 27. a4 e3
28. Qxe3 Qxe3 29. fxe3 Rxb4 30. Red1 d5 31. Rd4 Rxb5 32. e4 Rba5 33. exd5 exd5
34. Rb1 Rxa4 35. Rxa4 Rxa4 36. Rxb7 Re4 37. Kf2 Kh7 38. Rd7 Re5 39. Rd6 Kg8 40.
h4 Kf7 41. Rd7+ Kf6 42. Rd6+ Kf5 43. Kf3 h5 44. Rxd5 Rxd5 45. e4+ Ke5 46. exd5
Kxd5 47. Kf4 Ke6 48. Kg5 Ke5 49. Kg6 Ke6 50. Kxg7 1-0

[Event "Leicester H E Atkins Mem"]
[Site "Leicester"]
[Date "2010.10.01"]
[Round "1"]
[White "Mangione, Claudio"]
[Black "Broughton, Daniel"]
[Result "1-0"]
[WhiteElo "2087"]
[BlackElo "1914"]
[PlyCount "103"]
[EventDate "2010.10.01"]
[EventType "swiss"]
[EventRounds "5"]
[EventCountry "ENG"]
[SourceTitle "BritBase"]
[Source "John Saunders"]
[SourceDate "2016.01.15"]
[SourceVersion "1"]
[SourceVersionDate "2016.01.15"]
[SourceQuality "1"]

1. Nf3 e6 2. g3 d5 3. Bg2 Nf6 4. O-O Nbd7 5. d3 Be7 6. c4 c6 7. Nc3 O-O 8. e4
dxe4 9. dxe4 Nc5 10. Nd4 Qc7 11. f4 Rd8 12. e5 Ne8 13. Be3 g6 14. Qf3 a5 15. b3
Ng7 16. g4 Bd7 17. Rad1 Rf8 18. Rd2 Rad8 19. Rfd1 Bc8 20. Qf2 Nd7 21. Ne4 f6
22. exf6 Nxf6 23. Nxf6+ Bxf6 24. Nf3 Rxd2 25. Rxd2 Bd8 26. Ne5 Qb8 27. Bc5 Re8
28. Bd6 Bc7 29. c5 Rd8 30. Nc4 Ne8 31. Be5 Rxd2 32. Qxd2 Bxe5 33. fxe5 Qc7 34.
Qxa5 Qxa5 35. Nxa5 Nc7 36. b4 Nd5 37. a3 Nf4 38. Nc4 Bd7 39. Be4 Nh3+ 40. Kf1
Ng5 41. Bg2 Nf7 42. Ke2 h5 43. gxh5 gxh5 44. Ke3 Kg7 45. Kd4 Kg6 46. Ke4 Kg5
47. Nd6 Nd8 48. a4 Kg4 49. Bf3+ Kg5 50. a5 h4 51. h3 Kg6 52. Kf4 1-0

[Event "Leicester H E Atkins Mem"]
[Site "Leicester"]
[Date "2010.10.01"]
[Round "1"]
[White "Messam-Sparks, Lateefah"]
[Black "Bowmer, Kevin"]
[Result "0-1"]
[WhiteElo "1928"]
[BlackElo "2122"]
[PlyCount "92"]
[EventDate "2010.10.01"]
[EventType "swiss"]
[EventRounds "5"]
[EventCountry "ENG"]
[SourceTitle "BritBase"]
[Source "John Saunders"]
[SourceDate "2016.01.15"]
[SourceVersion "1"]
[SourceVersionDate "2016.01.15"]
[SourceQuality "1"]

1. d4 Nf6 2. c4 g6 3. Nc3 Bg7 4. e4 d6 5. Bd3 O-O 6. Nge2 e5 7. d5 Ne8 8. Ng3
Qh4 9. Qc2 Na6 10. a3 Nc5 11. O-O Bd7 12. Be2 a5 13. Be3 a4 14. Bxc5 dxc5 15.
Bd3 Nd6 16. Nb5 Bxb5 17. cxb5 b6 18. Rab1 Ra5 19. f3 Rfa8 20. Ne2 Bh6 21. g3
Qg5 22. Nc3 Qd2 23. Rfc1 c4 24. Be2 Qd4+ 25. Kg2 Bxc1 26. Rxc1 Nxb5 27. Rd1 Qe3
28. Bxc4 Nxc3 29. bxc3 Qc5 30. Qa2 Qd6 31. Be2 Kg7 32. Qb2 Rc8 33. Qb4 Qd7 34.
c4 f5 35. Qb2 Qd6 36. exf5 gxf5 37. Bd3 Re8 38. Rc1 Qf6 39. Qb1 e4 40. fxe4 b5
41. Qb4 Qd4 42. exf5 Qxd3 43. Qxa5 Qd2+ 44. Kh3 Qh6+ 45. Kg2 Qxc1 46. Qxc7+ Kg8
0-1

[Event "Leicester H E Atkins Mem"]
[Site "Leicester"]
[Date "2010.10.01"]
[Round "1"]
[White "Soszynski, Marek"]
[Black "Mladenov, Iliyan D"]
[Result "0-1"]
[WhiteElo "1986"]
[BlackElo "2210"]
[PlyCount "62"]
[EventDate "2010.10.01"]
[EventType "swiss"]
[EventRounds "5"]
[EventCountry "ENG"]
[SourceTitle "BritBase"]
[Source "John Saunders"]
[SourceDate "2016.01.15"]
[SourceVersion "1"]
[SourceVersionDate "2016.01.15"]
[SourceQuality "1"]

1. Nf3 c5 2. c4 b6 3. b3 Bb7 4. e3 Nf6 5. Be2 g6 6. O-O Bg7 7. Bb2 O-O 8. d3
Nc6 9. Nbd2 d5 10. Ne5 Rc8 11. Bf3 Qd6 12. d4 cxd4 13. Nxc6 Bxc6 14. exd4 Rfd8
15. Rc1 Qb8 16. Qe2 dxc4 17. bxc4 e6 18. Bxc6 Rxc6 19. Qf3 Qc8 20. Qa3 Bh6 21.
f4 Qc7 22. g3 Bg7 23. Rfd1 Ng4 24. h3 Nh6 25. Qd3 Nf5 26. Kg2 Bxd4 27. Bxd4
Rxd4 28. Qf3 Rcd6 29. Ne4 Rxd1 30. Nf6+ Kf8 31. Rxd1 Rxd1 0-1

[Event "Leicester H E Atkins Mem"]
[Site "Leicester"]
[Date "2010.10.01"]
[Round "1"]
[White "Sygnowski, Tomasz"]
[Black "Farrall, David J"]
[Result "1-0"]
[WhiteElo "2060"]
[BlackElo "1855"]
[PlyCount "49"]
[EventDate "2010.10.01"]
[EventType "swiss"]
[EventRounds "5"]
[EventCountry "ENG"]
[SourceTitle "BritBase"]
[Source "John Saunders"]
[SourceDate "2016.01.15"]
[SourceVersion "1"]
[SourceVersionDate "2016.01.15"]
[SourceQuality "1"]

1. e4 c5 2. Nf3 d6 3. d4 cxd4 4. Nxd4 Nf6 5. Nc3 a6 6. a4 e5 7. Nf3 Nc6 8. Be2
Be7 9. O-O O-O 10. Re1 Be6 11. Bf1 Rc8 12. h3 Qa5 13. Ng5 Nd4 14. Be3 Rfd8 15.
Bxd4 exd4 16. Nxe6 dxc3 17. Nxd8 cxb2 18. Ra2 Rxd8 19. Rxb2 d5 20. exd5 Nxd5
21. Rxb7 Bf6 22. Qe2 g6 23. Rd1 Qxa4 24. Qxa6 Qxc2 25. Rxd5 1-0

[Event "Leicester H E Atkins Mem"]
[Site "Leicester"]
[Date "2010.10.01"]
[Round "1"]
[White "Thompson, Ian D"]
[Black "Smith, Richard"]
[Result "1-0"]
[WhiteElo "2268"]
[BlackElo "1986"]
[PlyCount "113"]
[EventDate "2010.10.01"]
[EventType "swiss"]
[EventRounds "5"]
[EventCountry "ENG"]
[SourceTitle "BritBase"]
[Source "John Saunders"]
[SourceDate "2016.01.15"]
[SourceVersion "1"]
[SourceVersionDate "2016.01.15"]
[SourceQuality "1"]

1. c4 c6 2. Nf3 Nf6 3. Nc3 d5 4. e3 g6 5. b3 Bg7 6. Bb2 O-O 7. Be2 Nbd7 8. d4
Re8 9. O-O Nb6 10. a4 Bg4 11. a5 Nbd7 12. cxd5 cxd5 13. a6 Rb8 14. h3 Bxf3 15.
Bxf3 e6 16. Be2 Bf8 17. Ba3 Qc7 18. Bxf8 Rxf8 19. Nb5 Qb6 20. axb7 Rxb7 21. Ra3
a6 22. Nc3 Qb4 23. Qa1 Rc7 24. Na4 Ne4 25. Bxa6 Rc6 26. Bd3 Nd2 27. Rd1 Rfc8
28. Qb2 Ne4 29. Bxe4 dxe4 30. Raa1 Rc2 31. Qa3 Qb5 32. Rac1 Rxc1 33. Rxc1 Rxc1+
34. Qxc1 Qxb3 35. Qc8+ Nf8 36. Nc5 Qb1+ 37. Kh2 Qc2 38. Qa8 Kg7 39. Nxe4 Nd7
40. Qb7 Nf8 41. f3 Qa4 42. Nc5 Qa3 43. Qe4 Qa7 44. Qe5+ Kg8 45. Qd6 Qa3 46. e4
Qb2 47. d5 Qd4 48. Nb7 exd5 49. exd5 Kg7 50. Nd8 h5 51. Nc6 Qd2 52. Qe5+ Kh7
53. Ne7 Nd7 54. Qd6 Nf8 55. h4 Ne6 56. Qb8 Nf4 57. Qg8+ 1-0

[Event "Leicester H E Atkins Mem"]
[Site "Leicester"]
[Date "2010.10.01"]
[Round "1"]
[White "Winter, Malcolm J"]
[Black "Reynolds, D Ian W"]
[Result "0-1"]
[WhiteElo "1586"]
[BlackElo "2051"]
[PlyCount "87"]
[EventDate "2010.10.01"]
[EventType "swiss"]
[EventRounds "5"]
[EventCountry "ENG"]
[SourceTitle "BritBase"]
[Source "John Saunders"]
[SourceDate "2016.01.15"]
[SourceVersion "1"]
[SourceVersionDate "2016.01.15"]
[SourceQuality "1"]

1. d4 Nf6 2. Nf3 g6 3. e3 Bg7 4. Bd3 O-O 5. O-O d6 6. b3 c5 7. Bb2 b6 8. c4 Bb7
9. Nbd2 Nc6 10. a3 e6 11. Re1 Qc7 12. Qc2 Rfe8 13. Bc3 Rad8 14. Qb2 e5 15. d5
Nb8 16. e4 Bc8 17. b4 Na6 18. b5 Nb8 19. a4 Bg4 20. a5 Bxf3 21. Nxf3 Qe7 22.
Ra2 Nbd7 23. Rea1 Nh5 24. axb6 axb6 25. Ra7 Nf4 26. Qc2 g5 27. g3 Ng6 28. R1a6
Qf6 29. Qe2 Ngf8 30. Bd2 Bh6 31. h4 g4 32. Ng5 Qg6 33. Qxg4 f6 34. h5 Qg7 35.
f4 exf4 36. gxf4 fxg5 37. fxg5 Qd4+ 38. Kg2 Bg7 39. Qf3 Ne5 40. Rxg7+ Kxg7 41.
Qf6+ Kg8 42. Ra7 Nfd7 43. h6 Nxd3 44. Qf5 0-1

[Event "Leicester H E Atkins Mem"]
[Site "Leicester"]
[Date "2010.10.02"]
[Round "2"]
[White "Alderson, John K A"]
[Black "Soszynski, Marek"]
[Result "1/2-1/2"]
[WhiteElo "1882"]
[BlackElo "1986"]
[PlyCount "81"]
[EventDate "2010.10.01"]
[EventType "swiss"]
[EventRounds "5"]
[EventCountry "ENG"]
[SourceTitle "BritBase"]
[Source "John Saunders"]
[SourceDate "2016.01.15"]
[SourceVersion "1"]
[SourceVersionDate "2016.01.15"]
[SourceQuality "1"]

1. c4 g6 2. g3 Bg7 3. Bg2 d6 4. Nc3 e5 5. Nf3 Ne7 6. O-O O-O 7. d3 Nd7 8. Rb1
f5 9. Bd2 c6 10. b4 d5 11. cxd5 cxd5 12. Qb3 Nb6 13. a4 Kh8 14. a5 e4 15. Ne1
d4 16. axb6 dxc3 17. Bxc3 exd3 18. Nxd3 Qxb6 19. Nc5 f4 20. Bxg7+ Kxg7 21. Qc3+
Kh6 22. Qe5 Nc6 23. Bxc6 Qxc6 24. gxf4 Rf5 25. Qe3 b6 26. Nd3 Bb7 27. f3 Re8
28. Qd2 Qd6 29. Rbd1 Qd4+ 30. Rf2 Re3 31. Ne5 Qxd2 32. Rxd2 Rb3 33. Rd4 Ba6 34.
e4 Rxf4 35. Kg2 g5 36. Rd7 Rf8 37. h4 Re8 38. Ng4+ Kg6 39. Rfd2 h5 40. Nf2 Rf8
41. Nd3 1/2-1/2

[Event "Leicester H E Atkins Mem"]
[Site "Leicester"]
[Date "2010.10.02"]
[Round "2"]
[White "Bowmer, Kevin"]
[Black "Sygnowski, Tomasz"]
[Result "0-1"]
[WhiteElo "2122"]
[BlackElo "2060"]
[PlyCount "80"]
[EventDate "2010.10.01"]
[EventType "swiss"]
[EventRounds "5"]
[EventCountry "ENG"]
[SourceTitle "BritBase"]
[Source "John Saunders"]
[SourceDate "2016.01.15"]
[SourceVersion "1"]
[SourceVersionDate "2016.01.15"]
[SourceQuality "1"]

1. e4 e6 2. d4 d5 3. Nd2 c5 4. exd5 exd5 5. Bb5+ Nc6 6. Qe2+ Be7 7. dxc5 Nf6 8.
Nb3 O-O 9. Be3 Re8 10. O-O-O a6 11. Bxc6 bxc6 12. Nf3 a5 13. a4 Ba6 14. Qe1 Bb7
15. Kb1 Ne4 16. Qg1 Ba6 17. Ne5 Qc7 18. Nd3 Bc4 19. f3 Nf6 20. Qf2 Rab8 21. Bf4
Qa7 22. Bxb8 Rxb8 23. Rhe1 Bf8 24. Qd2 Bxb3 25. cxb3 Nd7 26. Qc2 Nxc5 27. Nxc5
Qxc5 28. Qxc5 Bxc5 29. Kc2 Rd8 30. Re2 Kf8 31. Rc1 Bd6 32. Kd3 c5 33. h3 g6 34.
Rd1 Be7 35. Kc2 Bf6 36. Red2 d4 37. Kd3 Ke7 38. Kc4 Kd6 39. Kb5 Rb8+ 40. Kxa5
Kc6 0-1

[Event "Leicester H E Atkins Mem"]
[Site "Leicester"]
[Date "2010.10.02"]
[Round "2"]
[White "Broughton, Daniel"]
[Black "Kingston, Ian S"]
[Result "0-1"]
[WhiteElo "1914"]
[BlackElo "1992"]
[PlyCount "88"]
[EventDate "2010.10.01"]
[EventType "swiss"]
[EventRounds "5"]
[EventCountry "ENG"]
[SourceTitle "BritBase"]
[Source "John Saunders"]
[SourceDate "2016.01.15"]
[SourceVersion "1"]
[SourceVersionDate "2016.01.15"]
[SourceQuality "1"]

1. d4 d5 2. c4 e5 3. dxe5 d4 4. Nf3 Nc6 5. a3 Nge7 6. b4 Ng6 7. Bb2 Bg4 8. Nbd2
Ngxe5 9. b5 Bxf3 10. gxf3 Qe7 11. Qc2 Na5 12. Bxd4 O-O-O 13. Qc3 f6 14. Bh3+
Kb8 15. Bxa7+ Kxa7 16. Qxa5+ Kb8 17. O-O Ng6 18. e3 Qe5 19. f4 Nxf4 20. exf4
Qxf4 21. b6 cxb6 22. Qxb6 Rxd2 23. Rab1 Qc7 24. Qe3 Rd8 25. Bg2 Bc5 26. Qe4 Rd7
27. Rb3 Ka7 28. Rfb1 b6 29. a4 Re7 30. Qf3 Rhe8 31. a5 Re1+ 32. Rxe1 Rxe1+ 33.
Bf1 bxa5 34. Qc3 Re5 35. Bg2 Bb6 36. Qd2 Qe7 37. Bf3 Rg5+ 38. Kh1 Rc5 39. Rd3
Bc7 40. Qb2 Qe1+ 41. Kg2 Rg5+ 42. Kh3 Qe6+ 43. Kh4 Rh5+ 44. Bxh5 g5# 0-1

[Event "Leicester H E Atkins Mem"]
[Site "Leicester"]
[Date "2010.10.02"]
[Round "2"]
[White "Burke, Steven J"]
[Black "Cole, Tristram"]
[Result "1-0"]
[WhiteElo "1970"]
[BlackElo "1882"]
[PlyCount "37"]
[EventDate "2010.10.01"]
[EventType "swiss"]
[EventRounds "5"]
[EventCountry "ENG"]
[SourceTitle "BritBase"]
[Source "John Saunders"]
[SourceDate "2016.01.15"]
[SourceVersion "1"]
[SourceVersionDate "2016.01.15"]
[SourceQuality "1"]

1. f4 d5 2. Nf3 c5 3. g3 g6 4. Bg2 Bg7 5. d3 Nf6 6. O-O O-O 7. c3 Nc6 8. Na3 h6
9. Qe1 Be6 10. h3 Qd7 11. Kh2 d4 12. c4 Rac8 13. Nh4 Ne8 14. g4 Nd6 15. Kh1 h5
16. f5 hxg4 17. fxe6 Qxe6 18. Bd5 Qd7 19. Nxg6 1-0

[Event "Leicester H E Atkins Mem"]
[Site "Leicester"]
[Date "2010.10.02"]
[Round "2"]
[White "Byron, Alan M"]
[Black "David, Ivan"]
[Result "1-0"]
[WhiteElo "2190"]
[BlackElo "1970"]
[PlyCount "75"]
[EventDate "2010.10.01"]
[EventType "swiss"]
[EventRounds "5"]
[EventCountry "ENG"]
[SourceTitle "BritBase"]
[Source "John Saunders"]
[SourceDate "2016.01.15"]
[SourceVersion "1"]
[SourceVersionDate "2016.01.15"]
[SourceQuality "1"]

1. e4 c5 2. Nf3 g6 3. c3 d5 4. exd5 Qxd5 5. d4 Bg7 6. Be2 cxd4 7. cxd4 Nf6 8.
Nc3 Qa5 9. O-O O-O 10. Ne5 Nbd7 11. Nc4 Qd8 12. Bf4 a6 13. Bf3 Nb6 14. Ne3 Ra7
15. a4 Bd7 16. a5 Na8 17. d5 Nc7 18. d6 exd6 19. Bxd6 Re8 20. Bc5 Ra8 21. Bb6
Qc8 22. Rc1 Bc6 23. Bxc6 bxc6 24. Qd6 Ne6 25. Na4 Qd7 26. Qxc6 Qxc6 27. Rxc6
Nd7 28. Rd1 Nxb6 29. axb6 Nd4 30. Rc7 Nb5 31. Rcd7 Rab8 32. b7 Bd4 33. Kf1 Kf8
34. Nc2 Ba7 35. Nb4 Re6 36. Rd8+ Rxd8 37. Rxd8+ Kg7 38. Ra8 1-0

[Event "Leicester H E Atkins Mem"]
[Site "Leicester"]
[Date "2010.10.02"]
[Round "2"]
[White "Denton, John"]
[Black "Thompson, Ian D"]
[Result "0-1"]
[WhiteElo "2066"]
[BlackElo "2268"]
[PlyCount "122"]
[EventDate "2010.10.01"]
[EventType "swiss"]
[EventRounds "5"]
[EventCountry "ENG"]
[SourceTitle "BritBase"]
[Source "John Saunders"]
[SourceDate "2016.01.15"]
[SourceVersion "1"]
[SourceVersionDate "2016.01.15"]
[SourceQuality "1"]

1. d4 d5 2. Nf3 Nf6 3. c4 e6 4. Nc3 c6 5. e3 Nbd7 6. Qc2 Bd6 7. b3 O-O 8. Bd3
e5 9. cxd5 cxd5 10. dxe5 Nxe5 11. Nxe5 Bxe5 12. Bb2 Be6 13. h3 Rc8 14. O-O Bxc3
15. Bxc3 d4 16. exd4 Nd5 17. Bc4 Nxc3 18. Qxc3 b5 19. d5 Bd7 20. Rfd1 bxc4 21.
bxc4 Rc5 22. Rac1 Qc7 23. Rd3 Qd6 24. Qd2 Rfc8 25. Rdc3 Qf6 26. R3c2 Qh4 27.
Qe3 h6 28. Rc3 a6 29. f4 Qf6 30. g4 Qd6 31. Kf2 Ra5 32. R1c2 h5 33. gxh5 Qf6
34. Qe5 Qb6+ 35. Kg2 Re8 36. Qg5 Qd4 37. c5 f6 38. Qg6 Qxd5+ 39. Kh2 Qf5 40.
Qxf5 Bxf5 41. Rd2 Rc8 42. c6 Rc7 43. Kg3 Be4 44. h6 gxh6 45. Rd6 Kf7 46. Re3
Rd5 47. Rd7+ Rcxd7 48. cxd7 f5 49. Ra3 Bd3 50. Kf3 Rxd7 51. Ke3 Bb5 52. Rc3
Re7+ 53. Kf3 Re4 54. a3 Rc4 55. Re3 Bc6+ 56. Kg3 Rc2 57. Kh4 Rf2 58. Kg3 Rb2
59. Kh4 Be4 60. Rc3 Ke6 61. Kh5 Rf2 0-1

[Event "Leicester H E Atkins Mem"]
[Site "Leicester"]
[Date "2010.10.02"]
[Round "2"]
[White "Hebden, Mark L"]
[Black "Mangione, Claudio"]
[Result "1-0"]
[WhiteElo "2556"]
[BlackElo "2087"]
[PlyCount "56"]
[EventDate "2010.10.01"]
[EventType "swiss"]
[EventRounds "5"]
[EventCountry "ENG"]
[SourceTitle "BritBase"]
[Source "John Saunders"]
[SourceDate "2016.01.15"]
[SourceVersion "1"]
[SourceVersionDate "2016.01.15"]
[SourceQuality "1"]

1. d4 g6 2. e4 Bg7 3. Nf3 d6 4. Bc4 Nf6 5. Qe2 O-O 6. e5 dxe5 7. dxe5 Nd5 8. h3
Nb6 9. e6 Nxc4 10. exf7+ Kh8 11. Qxc4 Nc6 12. O-O Nd4 13. Nxd4 Qxd4 14. Qxd4
Bxd4 15. Rd1 Bg7 16. Na3 Be6 17. c3 Rad8 18. Re1 Bxf7 19. Bg5 Bf6 20. Bxf6+
exf6 21. Re7 Rd2 22. b3 Bd5 23. Rd7 Rd3 24. Rxc7 Re8 25. Nb5 a6 26. Nd4 Rd2 27.
Rd7 Bc6 28. Rd6 Kg7 1-0

[Event "Leicester H E Atkins Mem"]
[Site "Leicester"]
[Date "2010.10.02"]
[Round "2"]
[White "Jaszkiwskyj, Peter"]
[Black "Baruch, Andrew J D"]
[Result "1-0"]
[WhiteElo "1952"]
[BlackElo "2113"]
[PlyCount "67"]
[EventDate "2010.10.01"]
[EventType "swiss"]
[EventRounds "5"]
[EventCountry "ENG"]
[SourceTitle "BritBase"]
[Source "John Saunders"]
[SourceDate "2016.01.15"]
[SourceVersion "1"]
[SourceVersionDate "2016.01.15"]
[SourceQuality "1"]

1. d4 g6 2. c4 Bg7 3. Nf3 d6 4. Nc3 Nf6 5. Bf4 Bg4 6. e3 Nh5 7. Bg5 h6 8. Bh4
g5 9. h3 Bc8 10. Nd2 Nf6 11. Bg3 Bf5 12. Be2 Nbd7 13. Qb3 Qc8 14. O-O c5 15. d5
Bg6 16. Rfe1 Nh5 17. Bh2 f5 18. Qc2 Nf8 19. Bd3 Kf7 20. Re2 Bf6 21. Rf1 Rg8 22.
f3 Ng7 23. g4 h5 24. Rg2 fxg4 25. fxg4 hxg4 26. hxg4 Bxd3 27. Qxd3 Ng6 28. Nf3
Ne5 29. Bxe5 dxe5 30. Nxg5+ Ke8 31. Qg6+ Kd7 32. Nce4 Ne6 33. dxe6+ Kc7 34. Qf5
1-0